00302nam a2200109Ia 4500008004000000082001600040100004400056245003500100260003300135300000800168650001600176210210b1984 xxu||||| |||| 00| 0 eng d a814.54 COLO aCOLLINS (Larry) & LAPIERRE (Dominique). aOr I'll dress you in mourning. aN DbTarang Paperbacksc1984 a346 aEl Cordobes